| 000 | 01510nam a2200313 a 4500 | ||
|---|---|---|---|
| 001 | BRCA_2386 | ||
| 005 | 20190320203802.0 | ||
| 008 | 101108s1905----u--#---###---#000-0#spa-u | ||
| 041 | _aspa | ||
| 044 | _au | ||
| 084 |
_a027 _b.H57 _c1905 F1615 |
||
| 100 | 1 |
_aCervantes Saavedra, Miguel de _d1547-1616 _9213 |
|
| 245 | 1 | 0 |
_aSegunda parte del Ingenioso Cavallero Don Quixote de la Mancha _cpor Miguel de Cervantes Saavedra, autor de su primera parte. |
| 260 |
_aNueva York _bThe Hispanic Society of America _c1905 |
||
| 300 |
_a1 v. (sin paginación) _c24 cm. |
||
| 500 | _aContenido : Escudo. Tasa. Fe de erratas. Aprovación. Privilegio. Prólogo del autor. Dedicatoria del autor al Conde de Lemos. Texto | ||
| 500 | _aFacsímil de : Segunda parte del ingenioso cavallero Don Quixote de la Mancha. Madrid: Juan de la Cuesta, 1615 | ||
| 500 | _aFacsímile de la segunda parte de la edición príncipe, por completo igual al LO-027. Ejemplar encuadernado en semipiel roja con florones y filetes dorados en lomo y planos Lúdovik Osterc | ||
| 500 | _aCon ex-libris de : H. M. Brower | ||
| 500 | _aExistencias : Complementa al LO-005 | ||
| 500 | _aQM113 (?) | ||
| 650 | 1 | 4 |
_aNovela española _yÉpoca clásica, 1500-1700 _9215 |
| 650 | 1 | 4 |
_aLiteratura española _yÉpoca clásca, 1500-1700 _97088 |
| 650 | 1 | 4 |
_aNovela española _ySiglo XVII _9217 |
| 650 | 1 | 4 |
_aDon Quijote (Personaje ficticio) _eNovela _9218 |
| 740 | 0 | _aEl Ingenioso Hidalgo Don Quijote de la Mancha | |
| 902 | _aQFM | ||
| 942 |
_2lcc _cB |
||
| 999 |
_c2127 _d2127 |
||